[Event "52nd Groningen Open"]
[Site "Groningen NED"]
[Date "2014.12.21"]
[Round "1.1"]
[White "Maris, Ivo"]
[Black "Tiviakov, Sergei"]
[Result "0-1"]
[BlackTitle "GM"]
[WhiteElo "2232"]
[BlackElo "2677"]
[WhiteFideId "1028146"]
[BlackFideId "1008013"]
[EventDate "2014.12.21"]

1. Nf3 Nf6 2. c4 b6 3. g3 Bb7 4. Bg2 g6 5. O-O Bg7 6. d4 O-O 7. Nc3 Ne4 8. Nxe4
Bxe4 9. Bg5 c5 10. Qd2 cxd4 11. Nxd4 Bxg2 12. Kxg2 Qc7 13. Rac1 Qb7+ 14. Kg1 Re8
15. Rfd1 Na6 16. Bh6 Bh8 17. Be3 Nc5 18. Nf3 Ne4 19. Qc2 Rac8 20. Qb3 Rc7 21.
Nd4 Rec8 22. Nb5 Rc6 23. Qd3 Nd6 24. Nxd6 Rxd6 25. Qa3 Rxd1+ 26. Rxd1 d6 27. b3
h5 28. h4 Bg7 29. Kh2 Rc7 30. Qa4 Qc8 31. Qb5 Be5 32. Bd4 Bxd4 33. Rxd4 Rc5 34.
Qb4 Qf5 35. Rf4 Qe6 36. Qd2 d5 37. cxd5 Rxd5 38. Qc2 Qd6 39. Qc8+ Kg7 40. Qe8
Qe6 41. e3 Rd2 42. a4 a5 43. Kg1 Rb2 44. Rd4 Qf5 45. Rf4 Qd5 46. e4 Qe6 47. Rf3
Re2 48. Rf4 Rb2 49. Rf3 Rxb3 50. Rxb3 Qxb3 51. Qc6 Qe6 52. Qc3+ Kh7 53. Qc2 Kg8
54. Kh2 Qe5 55. Qd3 Qc5 56. f3 Qf2+ 57. Kh3 Kg7 58. Qc3+ Kh7 59. Qd3 e5 60. Qb3
Kg7 61. Qd3 Qg1 62. g4 g5 63. gxh5 Qh1+ 64. Kg3 gxh4+ 65. Kg4 Qh2 66. h6+ Kh7
67. Kh5 Qf4 68. Qd5 h3 69. Qd8 Qxf3+ 70. Kh4 h2 0-1

[Event "52nd Groningen Open"]
[Site "Groningen NED"]
[Date "2014.12.21"]
[Round "1.2"]
[White "Rakhmanov, Aleksandr"]
[Black "Maatman, Nick"]
[Result "1/2-1/2"]
[WhiteTitle "GM"]
[WhiteElo "2647"]
[BlackElo "2226"]
[WhiteFideId "4173708"]
[BlackFideId "1040391"]
[EventDate "2014.12.21"]

1. c4 c6 2. e4 d5 3. exd5 Nf6 4. Nc3 cxd5 5. d4 Nc6 6. cxd5 Nxd5 7. Bb5 Nxc3 8.
bxc3 Qd5 9. Be2 Qxg2 10. Bf3 Qg6 11. Ne2 e5 12. d5 Nd8 13. Ng3 Be7 14. Qe2 O-O
15. h4 f5 16. c4 e4 17. Bh5 Qf6 18. Rb1 g6 19. Kf1 Nf7 20. Bb2 Qa6 21. Qc2 Bf6
22. Be2 Qxa2 23. h5 Bxb2 24. hxg6 hxg6 25. Rxb2 Qa1+ 26. Kg2 Qa6 27. Rb3 Qf6 28.
Nh5 gxh5 29. Rg3+ Kh7 30. Bxh5 Nh6 31. Bg6+ Qxg6 32. Rxg6 Kxg6 33. Qb1 Kh7 34.
Kf1 a5 35. Qb6 Ra6 36. Qc7+ Kg6 37. d6 Be6 38. d7 Nf7 39. Qg3+ Kf6 40. Qh4+ Ke5
41. Qg3+ Kf6 42. Qh4+ Ke5 43. Qe7 Rd8 44. Rh6 Nxh6 45. Qxd8 Bxc4+ 46. Ke1 Nf7
47. Qe7+ Kd4 48. Qxf7 Bxf7 49. d8=Q+ Bd5 50. Kd2 b5 51. Qh8+ Kc5 52. Qc3+ Kd6
53. Qc8 Ra8 54. Qxf5 b4 55. Ke3 Kc5 56. Qe5 b3 57. Qe7+ Kb6 58. Kd4 Bc6 59. Qc5+
Kb7 60. Qe7+ Kb6 61. Kc3 a4 62. Qb4+ Kc7 63. Qe7+ Kb6 64. Kc4 a3 65. Qc5+ Kc7
66. Qe5+ Kb6 67. Qc5+ Kc7 68. Qe7+ Kb6 69. Qb4+ Kc7 70. Qe7+ 1/2-1/2

[Event "52nd Groningen Open"]
[Site "Groningen NED"]
[Date "2014.12.21"]
[Round "1.3"]
[White "Offringa, Joost"]
[Black "Ma, Qun"]
[Result "0-1"]
[BlackTitle "GM"]
[WhiteElo "2226"]
[BlackElo "2621"]
[WhiteFideId "1025880"]
[BlackFideId "8603154"]
[EventDate "2014.12.21"]

1. c4 e5 2. g3 Nf6 3. Bg2 Nc6 4. Nc3 Bb4 5. Nd5 Bc5 6. Nf3 O-O 7. O-O Re8 8. d3
h6 9. e3 d6 10. d4 exd4 11. exd4 Bb6 12. Nxb6 axb6 13. d5 Ne5 14. Nxe5 dxe5 15.
h3 Bf5 16. f4 Be4 17. fxe5 Bxg2 18. Kxg2 Rxe5 19. Bf4 Re4 20. Qd3 Qe7 21. Rf2 b5
22. cxb5 Rd8 23. d6 cxd6 24. a4 d5 25. a5 d4 26. b6 Nd5 27. Bc7 Re8 28. Rc1 Qg5
29. Qd2 Re3 30. Qxd4 Nxc7 0-1

[Event "52nd Groningen Open"]
[Site "Groningen NED"]
[Date "2014.12.21"]
[Round "1.4"]
[White "L'Ami, Erwin"]
[Black "Ypma, Peter"]
[Result "1-0"]
[WhiteTitle "GM"]
[WhiteElo "2613"]
[BlackElo "2223"]
[WhiteFideId "1007998"]
[BlackFideId "1027255"]
[EventDate "2014.12.21"]

1. d4 d5 2. c4 c6 3. Nf3 e6 4. Nc3 dxc4 5. Bg5 Be7 6. Bxe7 Nxe7 7. e3 b5 8. a4
Nd5 9. g3 a5 10. axb5 Nxc3 11. bxc3 cxb5 12. Qb1 Ba6 13. Bg2 Ra7 14. O-O Nd7 15.
Qa2 Bb7 16. Rfb1 Qb6 17. Qa3 Be4 18. Rb2 Qc6 19. Ne1 Bxg2 20. Nxg2 Qa6 21. e4
Nf6 22. f3 Kd7 23. Ne3 Rc8 24. Rab1 Rb7 25. Kg2 Ke8 26. Ra2 a4 27. Re2 Qc6 28.
Qb4 Qc7 29. Nc2 Qe7 30. Na3 Rcb8 31. Reb2 Qc7 32. Nxb5 Rxb5 33. Qxa4 Qa7 34.
Qxa7 Rxb2+ 35. Rxb2 Rxb2+ 36. Kh3 Rf2 37. Qb8+ Ke7 38. Qc7+ Ke8 39. d5 1-0

[Event "52nd Groningen Open"]
[Site "Groningen NED"]
[Date "2014.12.21"]
[Round "1.5"]
[White "Minko, Vladimir"]
[Black "Andriasian, Zaven"]
[Result "0-1"]
[WhiteTitle "FM"]
[BlackTitle "GM"]
[WhiteElo "2215"]
[BlackElo "2609"]
[WhiteFideId "24146706"]
[BlackFideId "13302000"]
[EventDate "2014.12.21"]

1. d4 Nf6 2. c4 c5 3. d5 b5 4. cxb5 a6 5. b6 d6 6. Nc3 Nbd7 7. Nf3 Nxb6 8. a4 g6
9. a5 Nbd7 10. h3 Bg7 11. e4 O-O 12. Bc4 Ne8 13. Bf4 Nc7 14. Qd2 Rb8 15. Bh6
Rxb2 16. Qxb2 Bxh6 17. O-O Bg7 18. Rfc1 f5 19. Qe2 fxe4 20. Nxe4 Bxa1 21. Rxa1
Kg7 22. Re1 Nf6 23. Qb2 Bf5 24. Nfg5 Re8 25. g4 Bc8 26. Nf3 h6 27. g5 hxg5 28.
Nfxg5 Bf5 29. Ng3 Bd7 30. Qb7 Qc8 31. Rb1 Nb5 32. Qb6 Qa8 33. Re1 Nxd5 34. Bxd5
Qxd5 0-1

[Event "52nd Groningen Open"]
[Site "Groningen NED"]
[Date "2014.12.21"]
[Round "1.6"]
[White "Ipatov, Alexander"]
[Black "Rubingh, Otto"]
[Result "1-0"]
[WhiteTitle "GM"]
[BlackTitle "FM"]
[WhiteElo "2599"]
[BlackElo "2209"]
[WhiteFideId "14116731"]
[BlackFideId "1002139"]
[EventDate "2014.12.21"]

1. d4 e6 2. c4 f5 3. Nc3 Nf6 4. Nf3 Bb4 5. Bg5 Bxc3+ 6. bxc3 d6 7. g3 O-O 8. Bg2
h6 9. Bxf6 Qxf6 10. O-O Nd7 11. Qb3 Kh8 12. e4 f4 13. e5 dxe5 14. Rae1 exd4 15.
cxd4 c5 16. dxc5 Nxc5 17. Qa3 b6 18. Ne5 Ba6 19. Bxa8 Rxa8 20. gxf4 g5 21. fxg5
Qxg5+ 22. Qg3 Qf6 23. Ng4 Qg6 24. h3 Nd3 25. Re3 Bxc4 26. Qc7 Nc5 27. Rg3 Ne4
28. Ne5 1-0

[Event "52nd Groningen Open"]
[Site "Groningen NED"]
[Date "2014.12.21"]
[Round "1.7"]
[White "Vogel, Jaap"]
[Black "Vocaturo, Daniele"]
[Result "0-1"]
[WhiteTitle "FM"]
[BlackTitle "GM"]
[WhiteElo "2195"]
[BlackElo "2590"]
[WhiteFideId "1000764"]
[BlackFideId "813192"]
[EventDate "2014.12.21"]

1. d4 Nf6 2. Nf3 e6 3. c4 d5 4. g3 Bb4+ 5. Bd2 a5 6. Bg2 dxc4 7. O-O O-O 8. Bg5
b5 9. Ne5 Ra6 10. a4 c6 11. Nc3 h6 12. Bxf6 gxf6 13. Ng4 f5 14. Ne5 Bxc3 15.
bxc3 Kg7 16. Qc1 Qc7 17. Qa3 f6 18. Ng6 b4 19. cxb4 axb4 20. Qxb4 c5 21. dxc5
Kxg6 22. Qxc4 Bb7 23. Bxb7 Qxb7 24. Rfb1 Qc6 25. Rb5 Nd7 26. Rd1 Rc8 27. Qb4 Ra7
28. Rd6 Qe4 29. Rd4 Qxe2 30. Rb7 Rxb7 31. Qxb7 Rxc5 0-1

[Event "52nd Groningen Open"]
[Site "Groningen NED"]
[Date "2014.12.21"]
[Round "1.8"]
[White "Bok, Benjamin"]
[Black "Gerlagh, Joris"]
[Result "1-0"]
[WhiteTitle "GM"]
[WhiteElo "2572"]
[BlackElo "2193"]
[WhiteFideId "1017063"]
[BlackFideId "1038834"]
[EventDate "2014.12.21"]

1. e4 c5 2. Nf3 e6 3. g3 Nc6 4. Bg2 Nf6 5. d3 d5 6. Qe2 Be7 7. O-O d4 8. e5 Nd5
9. c4 dxc3 10. bxc3 O-O 11. Rd1 Qc7 12. c4 Nb6 13. Nc3 Nd7 14. Bf4 a6 15. Qe3
Rd8 16. h4 Nf8 17. h5 Nd4 18. Ne4 Nf5 19. Qd2 Nd7 20. h6 g6 21. Bg5 Nb6 22. Qf4
a5 23. Rd2 Ra6 24. g4 Nd4 25. Nf6+ Kh8 26. Ne8 Nxf3+ 27. Bxf3 Qd7 28. Qxf7 Bxg5
29. Qf8# 1-0

[Event "52nd Groningen Open"]
[Site "Groningen NED"]
[Date "2014.12.21"]
[Round "1.9"]
[White "Hulshof, Peter"]
[Black "Ernst, Sipke"]
[Result "0-1"]
[BlackTitle "GM"]
[WhiteElo "2178"]
[BlackElo "2553"]
[WhiteFideId "1003291"]
[BlackFideId "1004689"]
[EventDate "2014.12.21"]

1. g3 d5 2. Bg2 c6 3. d3 Bg4 4. c3 e5 5. Nd2 Nd7 6. h3 Bh5 7. Qc2 Ngf6 8. Ngf3
Be7 9. O-O O-O 10. Re1 Qc7 11. e4 Rad8 12. Nb3 Rfe8 13. Nh4 dxe4 14. dxe4 c5 15.
Be3 c4 16. Nd2 Nc5 17. Bxc5 Qxc5 18. Nf5 Bg6 19. Rad1 Bf8 20. g4 Rd7 21. Nf1
Rxd1 22. Rxd1 Bxf5 23. gxf5 Qa5 24. a3 Bc5 25. Ne3 Bxe3 26. fxe3 Qc5 27. Kf2 Qc6
28. Bf3 g6 29. fxg6 hxg6 30. Be2 Kg7 31. Bf1 Rh8 32. Kg2 Rh4 33. Kg3 Nxe4+ 34.
Kxh4 Qf6+ 35. Kg4 Qg5+ 0-1

[Event "52nd Groningen Open"]
[Site "Groningen NED"]
[Date "2014.12.21"]
[Round "1.10"]
[White "Alsina Leal, Daniel"]
[Black "Vos, Tjark"]
[Result "1-0"]
[WhiteTitle "GM"]
[WhiteElo "2540"]
[BlackElo "2173"]
[WhiteFideId "2252627"]
[BlackFideId "1020870"]
[EventDate "2014.12.21"]

1. e4 e6 2. Qe2 Be7 3. d4 d5 4. e5 c5 5. Qg4 g6 6. c3 Nc6 7. Nf3 Qb6 8. dxc5
Bxc5 9. Qg3 Bd7 10. Bd3 a5 11. Nbd2 a4 12. O-O Nge7 13. b4 axb3 14. Nxb3 Ba3 15.
Be3 Qd8 16. Rab1 Nf5 17. Bxf5 exf5 18. Bg5 Be7 19. Nc5 Na5 20. Rfd1 Bc6 21. c4
Nxc4 22. Nxb7 Qd7 23. Nd6+ Bxd6 24. exd6 O-O 25. Be7 Rfe8 26. Re1 Rxa2 27. Qf4
Raa8 28. Nd4 Ba4 29. h4 Ra6 30. Qh6 Rxd6 31. Bxd6 Qxd6 32. Rxe8+ Bxe8 33. h5 Qe5
34. Nf3 Qg7 35. Qf4 Qf6 36. Rb8 Qe7 37. h6 f6 38. Qd4 Ne5 39. Nxe5 fxe5 40.
Qxd5+ Kf8 41. Rb7 Qa3 42. Kh2 1-0

[Event "52nd Groningen Open"]
[Site "Groningen NED"]
[Date "2014.12.21"]
[Round "1.11"]
[White "Heemskerk, Wim"]
[Black "Werle, Jan"]
[Result "0-1"]
[WhiteTitle "FM"]
[BlackTitle "GM"]
[WhiteElo "2169"]
[BlackElo "2531"]
[WhiteFideId "1001000"]
[BlackFideId "1006088"]
[EventDate "2014.12.21"]

1. Nf3 Nf6 2. c4 c5 3. g3 d5 4. cxd5 Nxd5 5. Bg2 Nc6 6. Nc3 Nc7 7. O-O e5 8. a3
Rb8 9. d3 Be7 10. Nd2 O-O 11. Nc4 Bd7 12. Bxc6 Bxc6 13. Nxe5 Be8 14. Be3 Ne6 15.
b4 cxb4 16. axb4 Bxb4 17. Qb3 a5 18. Nd5 a4 19. Qa2 Bc5 20. Rac1 Bxe3 21. fxe3
Qd6 22. d4 b5 23. Nc6 Rb7 24. Ncb4 Bd7 25. Qb1 Nc7 26. e4 Nxd5 27. exd5 f5 28.
e3 Re8 29. Rc3 h5 30. Qb2 Re4 31. Rf4 Rb8 32. Nc6 b4 33. Rc5 a3 34. Qb3 Rbe8 35.
Rxe4 fxe4 36. Qxb4 Rf8 37. Rc1 Qf6 38. Qc5 Qf3 0-1

[Event "52nd Groningen Open"]
[Site "Groningen NED"]
[Date "2014.12.21"]
[Round "1.12"]
[White "Brandenburg, Daan"]
[Black "Dehn, Marcus"]
[Result "1-0"]
[WhiteTitle "GM"]
[WhiteElo "2530"]
[BlackElo "2169"]
[WhiteFideId "1011014"]
[BlackFideId "4667093"]
[EventDate "2014.12.21"]

1. e4 d6 2. d4 Nf6 3. Nc3 c6 4. h3 g6 5. Be3 Bg7 6. g4 h6 7. Bg2 Nbd7 8. Nge2
Nb6 9. b3 d5 10. e5 Ng8 11. Ng3 e6 12. h4 Bd7 13. a4 a5 14. Nce2 Nc8 15. f4 f5
16. h5 Nce7 17. hxg6 Nxg6 18. Nh5 Bf8 19. Neg3 Qe7 20. gxf5 exf5 21. Qd3 Qf7 22.
Bd2 Be6 23. O-O-O Rh7 24. Bh3 Nh4 25. Rdg1 Ba3+ 26. Kb1 Be7 27. Bf1 Kd7 28. Be2
Kc7 29. Nf1 Ng6 30. Qg3 Nf8 31. Ng7 Ba3 32. Ne3 b5 33. axb5 a4 34. b4 cxb5 35.
Nxe6+ Nxe6 36. Nxd5+ 1-0

[Event "52nd Groningen Open"]
[Site "Groningen NED"]
[Date "2014.12.21"]
[Round "1.13"]
[White "Chen, Yibo"]
[Black "Donchenko, Alexander"]
[Result "0-1"]
[BlackTitle "IM"]
[WhiteElo "2156"]
[BlackElo "2523"]
[WhiteFideId "8605815"]
[BlackFideId "24603295"]
[EventDate "2014.12.21"]

1. d4 Nf6 2. Nf3 d5 3. c4 dxc4 4. Nc3 a6 5. a4 e6 6. e3 c5 7. Bxc4 Nc6 8. O-O
Qc7 9. Qe2 Be7 10. Rd1 O-O 11. b3 b6 12. Bb2 Na5 13. d5 Nxc4 14. bxc4 exd5 15.
Nxd5 Nxd5 16. Be5 Nc3 17. Qd3 Qc6 18. Bxc3 Be6 19. Ne5 Qb7 20. e4 f6 21. Nf3
Rfd8 22. Qe2 Rxd1+ 23. Rxd1 Rd8 24. Rxd8+ Bxd8 25. e5 f5 26. Qd3 Qd7 27. Qd2 a5
28. Qc2 Bxc4 29. Bxa5 Qd3 30. Qxd3 Bxd3 31. Ne1 Be4 32. Bc3 Bc6 33. a5 bxa5 34.
Nd3 c4 35. Nb2 Bb5 36. g3 a4 37. Bb4 Kf7 38. Nd1 Be7 39. Bc3 a3 40. Ne3 Ke6 41.
Nc2 Kd5 42. Kf1 a2 43. Ke2 Ba4 44. Na1 g5 45. f3 Bc5 46. h3 Bd4 47. Bxd4 Kxd4
48. Kd2 Kxe5 0-1

[Event "52nd Groningen Open"]
[Site "Groningen NED"]
[Date "2014.12.21"]
[Round "1.14"]
[White "Popilski, Gil"]
[Black "Stegariu, Alexandru"]
[Result "1/2-1/2"]
[WhiteTitle "GM"]
[WhiteElo "2522"]
[BlackElo "2156"]
[WhiteFideId "2809060"]
[BlackFideId "1218042"]
[EventDate "2014.12.21"]

1. c4 c5 2. Nf3 Nc6 3. d4 cxd4 4. Nxd4 Nf6 5. Nc3 g6 6. Nc2 Bg7 7. e4 O-O 8. Be2
d6 9. O-O a6 10. Be3 Rb8 11. f3 Ne8 12. Qd2 Bd7 13. Rab1 b6 14. Rfd1 Qc8 15. Nd5
b5 16. Ncb4 Qb7 17. cxb5 Nxb4 18. Qxb4 Bxb5 19. Bxb5 axb5 20. Rbc1 Nf6 21. Rc6
Nxd5 22. exd5 Qa8 23. Qb3 Qa4 24. Rd3 Rfc8 25. Qxa4 bxa4 26. Ra3 Rxc6 27. dxc6
Rc8 28. Rxa4 Bxb2 29. Ra6 f6 30. a4 Kf7 31. Rb6 Bc3 32. Kf1 Ke6 33. Ke2 Ba5 34.
Rb5 Bd8 35. Bb6 1/2-1/2

[Event "52nd Groningen Open"]
[Site "Groningen NED"]
[Date "2014.12.21"]
[Round "1.15"]
[White "Gelip, Ioana"]
[Black "Hovhannisyan, Mher"]
[Result "0-1"]
[BlackTitle "IM"]
[WhiteElo "2151"]
[BlackElo "2511"]
[WhiteFideId "1202260"]
[BlackFideId "13300865"]
[EventDate "2014.12.21"]

1. e4 e6 2. d4 d5 3. Nc3 Bb4 4. e5 Qd7 5. Qg4 f5 6. Qh5+ Qf7 7. Qf3 Nc6 8. Be3
f4 9. Qxf4 Qxf4 10. Bxf4 Nxd4 11. O-O-O c5 12. Ne4 dxe4 13. c3 Nc6 14. cxb4 cxb4
15. Re1 Nge7 16. Rxe4 Bd7 17. Nf3 Rc8 18. Kb1 O-O 19. h4 Nd5 20. Bg3 a5 21. h5
a4 22. Bd3 h6 23. Nd2 a3 24. Nc4 axb2 25. Kxb2 Ra8 26. Ra1 Nc3 27. Nb6 Nxe4 28.
Bxe4 Rad8 29. Bh4 Be8 30. Bxd8 Rxf2+ 31. Kb3 Nxd8 32. Bf3 Bc6 33. Rd1 Nf7 34.
Bg4 Ng5 35. g3 Kf7 36. Kxb4 Rxa2 37. Rf1+ Ke7 38. Nc8+ Kd7 39. Rf8 Ra8 0-1

[Event "52nd Groningen Open"]
[Site "Groningen NED"]
[Date "2014.12.21"]
[Round "1.16"]
[White "Svane, Rasmus"]
[Black "Den Hartog, Marijn"]
[Result "1-0"]
[WhiteTitle "IM"]
[WhiteElo "2507"]
[BlackElo "2150"]
[WhiteFideId "4657101"]
[BlackFideId "1046098"]
[EventDate "2014.12.21"]

1. c4 Nf6 2. Nc3 g6 3. Nf3 Bg7 4. e4 d6 5. d4 O-O 6. Be2 e5 7. Be3 exd4 8. Nxd4
c6 9. O-O Re8 10. f3 d5 11. cxd5 Nxd5 12. Nxd5 cxd5 13. Rc1 Nc6 14. Nxc6 bxc6
15. Rxc6 Bb7 16. Rc1 dxe4 17. Qxd8 Raxd8 18. f4 Bd4 19. Kf2 Kf8 20. Rc7 Re7 21.
Rfc1 Bxe3+ 22. Kxe3 Rd6 23. b4 Rdd7 24. Rxd7 Rxd7 25. a4 Ke7 26. Bb5 f5 27. Bxd7
Kxd7 28. Kd4 Kd6 29. g3 a6 30. b5 axb5 31. axb5 h6 32. h4 h5 33. b6 Bc6 34. Rc3
Bb7 35. Rc7 Ba6 36. Ra7 Be2 37. Rg7 1-0

[Event "52nd Groningen Open"]
[Site "Groningen NED"]
[Date "2014.12.21"]
[Round "1.17"]
[White "Burcu, Cagatay"]
[Black "Azaladze, Shota"]
[Result "0-1"]
[BlackTitle "IM"]
[WhiteElo "2149"]
[BlackElo "2499"]
[WhiteFideId "6310630"]
[BlackFideId "13603027"]
[EventDate "2014.12.21"]

1. d4 g6 2. Nf3 Bg7 3. e4 d6 4. Bd3 Nf6 5. Nbd2 O-O 6. O-O Nc6 7. h3 e5 8. c3
Nh5 9. Nb3 h6 10. Re1 Qf6 11. Bf1 a6 12. a4 a5 13. Be3 Re8 14. dxe5 dxe5 15. Bb5
Nf4 16. Bxf4 Qxf4 17. Qe2 Bf8 18. Nc1 Qf6 19. Nd3 Kg7 20. b4 Bd6 21. Reb1 Rd8
22. Bc4 Qe7 23. b5 Nb8 24. Ba2 Nd7 25. Nd2 Nb6 26. Bb3 Be6 27. Qe3 f6 28. c4 Nd7
29. Bc2 Bc5 30. Nxc5 Nxc5 31. Rd1 Rd4 32. f4 Bxc4 33. fxe5 fxe5 34. Nf3 Rxd1+
35. Rxd1 b6 36. Qc3 Be2 37. Nxe5 Bxd1 38. Nc6+ Qf6 39. e5 Qf4 40. Bxd1 Rf8 41.
Bf3 Nxa4 42. Qe1 Nc5 43. e6 Qf6 44. e7 Re8 45. Bd5 Nd3 46. Qd2 Nb4 47. Nxb4 axb4
48. Bc6 Rxe7 49. Qxb4 Qa1+ 50. Kh2 Qe5+ 0-1

[Event "52nd Groningen Open"]
[Site "Groningen NED"]
[Date "2014.12.21"]
[Round "1.18"]
[White "Dobrov, Vladimir"]
[Black "Bar, Aviv"]
[Result "1-0"]
[WhiteTitle "GM"]
[WhiteElo "2495"]
[BlackElo "2142"]
[WhiteFideId "4136594"]
[BlackFideId "2806339"]
[EventDate "2014.12.21"]

1. d4 d5 2. c4 c6 3. Nc3 Nf6 4. Nf3 dxc4 5. a4 Bf5 6. Nh4 e6 7. Nxf5 exf5 8. Bg5
Nbd7 9. e3 Bd6 10. Bxc4 O-O 11. O-O a5 12. Qf3 h6 13. Bh4 g6 14. e4 fxe4 15.
Nxe4 Be7 16. Rfe1 Kg7 17. Nc5 Nxc5 18. dxc5 Qd4 19. Rxe7 Qxh4 20. Qc3 Qg5 21.
Re5 Qg4 22. h3 Qd7 23. Rae1 Rfe8 24. b3 Rxe5 25. Rxe5 Re8 26. Rxe8 Qxe8 27. Qxa5
Qe5 28. Qd2 Qxc5 29. Qf4 Qe7 30. g3 Ne4 31. Qe3 Qe8 32. Kf1 Nf6 33. Qxe8 Nxe8
34. Ke2 c5 35. a5 Nd6 36. Bd5 Kf6 37. Bxb7 1-0

[Event "52nd Groningen Open"]
[Site "Groningen NED"]
[Date "2014.12.21"]
[Round "1.19"]
[White "Edeling, Jeroen"]
[Black "Raznikov, Danny"]
[Result "0-1"]
[BlackTitle "IM"]
[WhiteElo "2142"]
[BlackElo "2494"]
[WhiteFideId "1010514"]
[BlackFideId "2811154"]
[EventDate "2014.12.21"]

1. e4 c5 2. Na3 Nc6 3. Bb5 g6 4. c3 Bg7 5. f4 d5 6. e5 Nh6 7. Nf3 O-O 8. O-O d4
9. Qa4 Bd7 10. Qc4 Rc8 11. Qxc5 Nxe5 12. Qxa7 Nxf3+ 13. Rxf3 Bg4 14. Rf1 Qc7 15.
Qa4 e5 16. cxd4 exf4 17. d3 f3 18. gxf3 Bh3 19. Re1 Nf5 20. Re4 Qd8 21. Bd7
Rxc1+ 22. Rxc1 Qg5+ 23. Kf2 Qxc1 0-1

[Event "52nd Groningen Open"]
[Site "Groningen NED"]
[Date "2014.12.21"]
[Round "1.20"]
[White "Wan, Yunguo"]
[Black "Al-Hajiri, Bader"]
[Result "1-0"]
[WhiteTitle "IM"]
[BlackTitle "CM"]
[WhiteElo "2482"]
[BlackElo "2139"]
[WhiteFideId "8603189"]
[BlackFideId "10300163"]
[EventDate "2014.12.21"]

1. e4 e5 2. f4 exf4 3. Nf3 g5 4. Bc4 g4 5. O-O gxf3 6. Qxf3 Qf6 7. e5 Qxe5 8.
Bxf7+ Kxf7 9. d4 Qxd4+ 10. Be3 Qg7 11. Bxf4 Nf6 12. Be5 Be7 13. Nc3 Rf8 14. Nd5
Nc6 15. Bxf6 Kg8 16. Nxe7+ 1-0

[Event "52nd Groningen Open"]
[Site "Groningen NED"]
[Date "2014.12.21"]
[Round "1.21"]
[White "Ratsma, Midas"]
[Black "Biolek, Richard Jr."]
[Result "0-1"]
[BlackTitle "IM"]
[WhiteElo "2137"]
[BlackElo "2446"]
[WhiteFideId "1032283"]
[BlackFideId "319996"]
[EventDate "2014.12.21"]

1. d4 d5 2. c4 Nc6 3. Nf3 Bg4 4. Nc3 e6 5. cxd5 exd5 6. Bf4 Bd6 7. Nxd5 Bxf4 8.
Nxf4 Bxf3 9. gxf3 Qxd4 10. Qxd4 Nxd4 11. O-O-O Rd8 12. e3 Ne6 13. Bb5+ c6 14.
Nxe6 fxe6 15. Bc4 Rxd1+ 16. Rxd1 Ke7 17. Rg1 g6 18. Rg5 Kd6 19. b4 Nf6 20. e4 e5
21. Kd2 Nh5 22. Ke3 Nf4 23. Rg1 Ke7 24. Rc1 Rd8 25. Bf1 Rd4 26. b5 Ra4 27. bxc6
Ra3+ 28. Kd2 Rxa2+ 29. Ke3 bxc6 30. Rxc6 Ra3+ 31. Kd2 Rxf3 32. Rc7+ Kd6 33. Rxa7
Rxf2+ 34. Ke1 Rxh2 35. Bb5 Kc5 36. Be8 Kd4 37. Bc6 Ke3 38. Kd1 Rd2+ 39. Kc1 Nd3+
40. Kb1 Rd1+ 0-1

[Event "52nd Groningen Open"]
[Site "Groningen NED"]
[Date "2014.12.21"]
[Round "1.22"]
[White "Lobzhanidze, Davit"]
[Black "Mollema, Thomas"]
[Result "1/2-1/2"]
[WhiteTitle "IM"]
[WhiteElo "2433"]
[BlackElo "2136"]
[WhiteFideId "13600796"]
[BlackFideId "1034987"]
[EventDate "2014.12.21"]

1. e4 e5 2. Nf3 Nc6 3. Bb5 a6 4. Ba4 Nf6 5. d3 d6 6. c3 g6 7. O-O Bg7 8. Nbd2
O-O 9. Bxc6 bxc6 10. d4 exd4 11. cxd4 Nd7 12. Nb3 Rb8 13. Qc2 Bb7 14. Re1 Ba8
15. Bf4 Re8 16. Rad1 Nf6 17. Nfd2 Qd7 18. f3 Re7 19. Nc4 Rbe8 20. Nca5 Nh5 21.
Bd2 f5 22. exf5 Qxf5 23. Qxf5 Rxe1+ 24. Rxe1 Rxe1+ 25. Bxe1 gxf5 26. Bd2 Kf7 27.
Kf2 Ke6 28. Ke2 Nf6 29. Kd3 Nd7 30. Nc4 Nb6 31. Ba5 Nd5 32. g3 Bh6 33. f4 Bg7
34. Ne3 Nxe3 35. Kxe3 Kd7 36. Bc3 Bb7 37. Na5 Ba8 38. Nc4 Bb7 39. Kd3 Bh6 40.
Ne3 Ke6 41. Ba5 c5 42. dxc5 Be4+ 43. Kd2 dxc5 44. Bxc7 Bg7 45. Be5 Bxe5 46. fxe5
Kxe5 47. Kc3 Bb1 48. Nc4+ Kd5 49. a3 h5 50. Nd2 Be4 51. Nc4 Bf3 52. Nd2 Be4 53.
Nc4 1/2-1/2

[Event "52nd Groningen Open"]
[Site "Groningen NED"]
[Date "2014.12.21"]
[Round "1.23"]
[White "Theulings, Paul-Peter"]
[Black "Nakar, Eylon"]
[Result "0-1"]
[WhiteTitle "CM"]
[BlackTitle "IM"]
[WhiteElo "2132"]
[BlackElo "2419"]
[WhiteFideId "1002899"]
[BlackFideId "2811111"]
[EventDate "2014.12.21"]

1. Nf3 Nf6 2. c4 g6 3. g3 Bg7 4. Bg2 O-O 5. d4 d6 6. Nc3 Nc6 7. O-O a6 8. Bf4
Bf5 9. Re1 Ne4 10. Nd5 Re8 11. Ne3 Bd7 12. Qc2 f5 13. d5 Nb4 14. Qb1 a5 15. Nc2
e5 16. dxe6 Rxe6 17. Ncd4 Re8 18. Rd1 Qf6 19. Nb5 Na6 0-1

[Event "52nd Groningen Open"]
[Site "Groningen NED"]
[Date "2014.12.21"]
[Round "1.24"]
[White "Klekowski, Maciej"]
[Black "Lewin, Tammo"]
[Result "1-0"]
[WhiteElo "2418"]
[BlackElo "2131"]
[WhiteFideId "1132717"]
[BlackFideId "4668596"]
[EventDate "2014.12.21"]

1. c4 e5 2. g3 f5 3. Bg2 Nf6 4. Nc3 d6 5. e3 c6 6. Nge2 Be7 7. O-O O-O 8. b4 Be6
9. d3 Qc7 10. Bb2 Nbd7 11. Rc1 Nb6 12. b5 Rad8 13. a4 Qd7 14. a5 Nc8 15. a6 d5
16. cxd5 cxd5 17. Na4 bxa6 18. bxa6 Ng4 19. h3 f4 20. exf4 exf4 21. Nxf4 Rxf4
22. gxf4 Nh6 23. Nc5 Bxc5 24. Rxc5 Ne7 25. Be5 Nc6 26. Ba1 Nf5 27. Qa4 1-0

[Event "52nd Groningen Open"]
[Site "Groningen NED"]
[Date "2014.12.21"]
[Round "1.25"]
[White "Ebralidze, Alexandre"]
[Black "Simonian, Tigran"]
[Result "1-0"]
[BlackTitle "IM"]
[WhiteElo "2128"]
[BlackElo "2406"]
[WhiteFideId "13604660"]
[BlackFideId "13303597"]
[EventDate "2014.12.21"]

1. d4 d5 2. c4 e6 3. Nc3 Nf6 4. Nf3 c6 5. e3 Nbd7 6. Bd3 Bd6 7. O-O dxc4 8. Bxc4
b5 9. Bd3 a6 10. e4 e5 11. Bg5 O-O 12. a4 exd4 13. Nxd4 Ne5 14. Nce2 b4 15. Bb1
c5 16. Nf5 Bxf5 17. exf5 h6 18. Bh4 1-0